Právní problém. Československo a ES.
Pridruženie a neskorší vstup ČSFR do Európskych spoločenstiev vyžaduje okrem ekonomických problémov riešiť i mnohé právne problémy. Skúmanie otázok aký je vzťah čs. práva k právu ES, ako je a bude čs. právo porovnateľné a zlučiteľné s právnym poriadkom Spoločenstva a ako bude môcť právny poriadok Sp...
Gespeichert in:
| 1. Verfasser: | |
|---|---|
| Format: | Buchkapitel |
| Sprache: | Tschechisch |
| Schlagworte: | |
| Tags: |
Keine Tags, Fügen Sie das erste Tag hinzu!
|
MARC
| LEADER | 00000naa a2200000 4500 | ||
|---|---|---|---|
| 001 | r003106 | ||
| 005 | 20221125080208.3 | ||
| 041 | 0 | |a cze | |
| 044 | |a [CS] | ||
| 245 | 1 | 0 | |a Právní problém. |b Československo a ES. |c P. Kalenský |
| 520 | |a Pridruženie a neskorší vstup ČSFR do Európskych spoločenstiev vyžaduje okrem ekonomických problémov riešiť i mnohé právne problémy. Skúmanie otázok aký je vzťah čs. práva k právu ES, ako je a bude čs. právo porovnateľné a zlučiteľné s právnym poriadkom Spoločenstva a ako bude môcť právny poriadok Spoločenstva zasahovať do čs. práva. | ||
| 610 | 2 | 0 | |a Európske spoločenstvá |
| 610 | 2 | 0 | |a ČSFR |
| 610 | 2 | 0 | |a právo medzinárodné |
| 610 | 2 | 0 | |a integrácia ekonomická medzinárodná |
| 610 | 2 | 0 | |a normy právne |
| 100 | 1 | |a Kalenský, P. | |